|
|
|
|
| LEADER |
00933nam a2200205 a 4500 |
| 001 |
00025173 |
| 008 |
120521s1995 vaua 000 0 eng d |
| 020 |
|
|
|a 0939791579
|
| 040 |
|
|
|a BD-DhAAL
|c BD-DhAAL
|
| 082 |
0 |
0 |
|a 808.0420711
|2 22
|
| 245 |
0 |
0 |
|a New ways in teaching writing :
|b Book 2 /
|c Ronald V. White,Editor.
|
| 260 |
|
|
|a Alexandria, VA :
|b Teachers of English to Speakers of Other Languages,
|c 1995.
|
| 300 |
|
|
|a xiv, 271 p. :
|b ill. ;
|c 23 cm.
|
| 490 |
1 |
|
|a New ways in TESOL series
|
| 500 |
|
|
|a New ways in TESOL series innovative classroom techniques, Jack C. Richards, Series editor.
|
| 541 |
1 |
|
|e 00025173
|
| 650 |
|
0 |
|a English language
|x Study and teaching
|x Foreign speakers
|
| 700 |
1 |
|
|a White,Ronald V.
|
| 999 |
|
|
|c 12188
|d 12188
|
| 952 |
|
|
|0 0
|1 0
|4 0
|6 808_042071100000000_NEW
|7 0
|9 20222
|a BRACUL
|b BRACUL
|c GEN
|d 2012-05-21
|e The University of Michigan Press
|g 21.00
|l 2
|m 10
|o 808.0420711 NEW
|p 3010025173
|r 2017-04-23
|s 2017-01-01
|t 1
|w 2012-05-21
|y BK
|